Giáo dục môi trường qua môn Địa lí

Một số nhận thức cơ bản về môi trường. Hiện trạng khai thác và sử dụng và việc bảo vệ các nguồn tài nguyên thiên nhiên và môi trường. Giáo dục môi trường qua môn Địa Lí...

Сохранить в:
Библиографические подробности
Главный автор: Nguyễn Phi Hạnh
Другие авторы: Nguyễn Thị Thu Hằng (B.s)
Формат:
Язык:Vietnamese
Опубликовано: H. Đại học sư phạm 2004
Предметы:
Метки: Добавить метку
Нет меток, Требуется 1-ая метка записи!
Thư viện lưu trữ: Mạng thư viện Đại học Đà Nẵng
LEADER 01379nam a2200361 4500
001 000008797
003 4990
005 20120524080520.0
008 111021s2004 viesd
020 |c 25000đ 
041 0 |a vie 
082 |a 913.636  |b NG-H 
100 0 |a Nguyễn Phi Hạnh 
245 0 |a Giáo dục môi trường qua môn Địa lí  |c Nguyễn Phi Hạnh(Ch.b), Nguyễn Thị Thu Hằng 
260 |a H.  |b Đại học sư phạm  |c 2004 
300 |a 272tr  |c 21cm 
504 |a Mục lục tr3 
520 |a Một số nhận thức cơ bản về môi trường. Hiện trạng khai thác và sử dụng và việc bảo vệ các nguồn tài nguyên thiên nhiên và môi trường. Giáo dục môi trường qua môn Địa Lí... 
653 |a Giáo dục 
653 |a Môi trường 
653 |a Địa lí 
700 |a Nguyễn Thị Thu Hằng  |e B.s 
910 |a Thương  |d 21/10/2011 
OWN |a LSP 
AVA |a UDN50  |b LSP  |d 913.636 NG-H  |e check_holdings  |t Error 5003 Not defined in file expand_doc_bib_avail.  |h N  |k 1 
999 |a From the UDN01 
AVA |a UDN50  |b LSP  |d 913.636 NG-H  |e available  |t Error 5001 Not defined in file expand_doc_bib_avail.  |f 12  |g 0  |h N  |i 0  |k 1 
TYP |a Monograph 
TYP |a Printed language 
980 |a Mạng thư viện Đại học Đà Nẵng